বাংলাদেশ জাতীয় গ্রন্থপঞ্জি -২০১১ / (Record no. 6642)
[ view plain ]
| 000 -LEADER | |
|---|---|
| fixed length control field | 00882nam a2200229 a 4500 |
| 001 - CONTROL NUMBER | |
| JCCL Control Number | 6642 |
| 003 - CONTROL NUMBER IDENTIFIER | |
| JCCL marc code | BD-JhCC |
| 005 - DATE AND TIME OF LATEST TRANSACTION | |
| control field | 20180128105945.0 |
| 008 - FIXED-LENGTH DATA ELEMENTS--GENERAL INFORMATION | |
| fixed length control field | 180127s2014 bg |||| |||| 001 0 ben d |
| 035 ## - SYSTEM CONTROL NUMBER | |
| system control number | (BD-JhCC) 6642 |
| 040 ## - CATALOGING SOURCE | |
| Original cataloging agency | BD-JhCC |
| Modifying agency | BD-JhCC |
| 041 ## - LANGUAGE CODE | |
| Language code of Book | ben |
| 082 ## - DEWEY DECIMAL CLASSIFICATION NUMBER | |
| Author mark and Year | BAN 2014 |
| Classification number | 505.16 |
| 245 ## - TITLE STATEMENT | |
| Title | বাংলাদেশ জাতীয় গ্রন্থপঞ্জি -২০১১ / |
| Statement of responsibility, etc | মো: শাহবউদ্দিন খান |
| 260 ## - PUBLICATION, DISTRIBUTION, ETC. (IMPRINT) | |
| Place of publication, distribution, etc | ঢাকা : |
| Name of publisher, distributor, etc | বাংলাদেশ ন্যাশনাল লাইব্রেরি, |
| Date of publication, distribution, etc | ২০১৪. |
| 300 ## - PHYSICAL DESCRIPTION | |
| Pagination | ৯৬৭ পৃ . : |
| Dimensions | ২৪ সেমি. |
| 650 ## - SUBJECT ADDED ENTRY--TOPICAL TERM | |
| Topical term or geographic name as entry element | Bibliographics |
| 700 ## - ADDED ENTRY--PERSONAL NAME | |
| Personal name | খান, মোঃ শাহাবউদ্দিন |
| 710 ## - ADDED ENTRY--CORPORATE NAME | |
| Corporate name or jurisdiction name as entry element | আরকাইভস ও গ্রন্থাগার অধিদপ্তর |
| 942 ## - ADDED ENTRY ELEMENTS (KOHA) | |
| Source of classification or shelving scheme | Dewey Decimal Classification |
| Koha item type | Books |
| Source of classification or shelving scheme | Damaged status | Not for loan | Home library | Current library | Shelving location | Total Checkouts | Full call number | Barcode | Date last seen | Copy number | Koha item type |
|---|---|---|---|---|---|---|---|---|---|---|---|
| Dewey Decimal Classification | Not For Loan | JCC Rouf Library | JCC Rouf Library | General Stacks | 050.16 BAN 2014 | 9193 | 01/27/2018 | C - 1 | Books |